Estatísticas para Rebaixados e promovidos das 4 divisões do Brasileirão 2019

Clique aqui para jogar o quiz

Estatísticas Gerais

  • Esse quiz foi jogado 106 vezes
  • A pontuação média é 18 de 32

Estatísticas das Respostas

DivisãoPosição final e statusTime% Correto
Série A1ª (Classificação para a Copa Libertadores da América)Flamengo
100%
Série A3ª (Classificação para a Copa Libertadores da América)Palmeiras
99%
Série A2ª (Classificação para a Copa Libertadores da América)Santos
94%
Série A7ª (Classificação para a Copa Libertadores da América)Internacional
93%
Série A17ª (Rebaixado para a Série B)Cruzeiro
90%
Série A4ª (Classificação para a Copa Libertadores da América)Grêmio
90%
Série A6ª (Classificação para a Copa Libertadores da América)São Paulo
89%
Série A20ª (Rebaixado para a Série B)Avaí
85%
Série A19ª (Rebaixado para a Série B)Chapecoense
84%
Série A8ª (Classificação para a Copa Libertadores da América)Corinthians
82%
Série B1ª (Promovido para a Série A)Bragantino
80%
Série A18ª (Rebaixado para a Série B)CSA
74%
Série B2ª (Promovido para a Série A)Sport
72%
Série B3ª (Promovido para a Série A)Coritiba
68%
Série B4ª (Promovido para a Série A)Atlético-GO
67%
Série A5ª (Classificação para a Copa Libertadores da América) (Já classificado algum tempo por vitória numa competição local: Copa do Brasil)Athletico-PR
65%
Série C1ª (Promovido para a Série B)Náutico
50%
Série B19ª (Rebaixado para a Série C)Criciúma
45%
Série B17ª (Rebaixado para a Série C)Londrina
40%
Série C3ª (Promovido para a Série B)Juventude
39%
Série B18ª (Rebaixado para a Série C)São Bento
34%
Série C2ª (Promovido para a Série B)Sampaio Corrêa
33%
Série D1ª (Promovido para a Série C)Brusque
30%
Série C4ª (Promovido para a Série B)Confiança
29%
Série D2ª (Promovido para a Série C)Manaus
28%
Série D3ª (Promovido para a Série C)Ituano
26%
Série C17ª (Rebaixado para a Série D)ABC
24%
Série D4ª (Promovido para a Série C)Jacuipense
16%
Série C19ª (Rebaixado para a Série D)Luverdense
15%
Série C20ª (Rebaixado para a Série D)Atlético-AC
13%
Série C18ª (Rebaixado para a Série D)Globo
12%
Série B20ª (Rebaixado para a Série C)Vila Nova-GO
9%

Distribuição das Pontuações

Percentil de Números Respondidos

Porcentagem de Pessoas com Cada Pontuação

Sua Pontuação Histórica

Você não jogou esse quiz